| 000 -LEADER |
| fixed length control field |
01240nam a22002897 4500 |
| 003 - CONTROL NUMBER IDENTIFIER |
| control field |
AR-BaISA |
| 005 - DATE AND TIME OF LATEST TRANSACTION |
| control field |
20220601182915.0 |
| 007 - PHYSICAL DESCRIPTION FIXED FIELD--GENERAL INFORMATION |
| fixed length control field |
ta |
| 008 - FIXED-LENGTH DATA ELEMENTS--GENERAL INFORMATION |
| fixed length control field |
220418s1988 ag |||f |||| 000 0 spa d |
| 020 ## - INTERNATIONAL STANDARD BOOK NUMBER |
| International Standard Book Number |
950251488 |
| 040 ## - CATALOGING SOURCE |
| Language of cataloging |
spa |
| Transcribing agency |
AR-BaISA |
| 082 04 - DEWEY DECIMAL CLASSIFICATION NUMBER |
| Edition number |
22 |
| Classification number |
379.82 Ag92 |
| 100 1# - MAIN ENTRY--PERSONAL NAME |
| 9 (RLIN) |
2057 |
| Personal name |
Aguerrondo, Inés |
| 245 13 - TITLE STATEMENT |
| Title |
Una nueva educación para un nuevo país / |
| Statement of responsibility, etc. |
Inés Aguerrondo |
| 260 ## - PUBLICATION, DISTRIBUTION, ETC. |
| Place of publication, distribution, etc. |
Buenos Aires: |
| Name of publisher, distributor, etc. |
Centro Editor de América Latina, |
| Date of publication, distribution, etc. |
1988 |
| 300 ## - PHYSICAL DESCRIPTION |
| Extent |
2 v. |
| 490 1# - SERIES STATEMENT |
| Serie |
Biblioteca política argentina |
| Volume/sequential designation |
; 221, 222 |
| 500 ## - GENERAL NOTE |
| General note |
La biblioteca sólo posee el tomo 1. |
| 505 ## - FORMATTED CONTENTS NOTE |
| Title |
VOLUMEN I: |
| -- |
LOS TEMAS DEL CONGRESO PEDAGÓGICO. |
| -- |
DESARROLLO DE TEMAS Y PROPUESTAS: |
| -- |
Objetivos y funciones de la educación concebida como permanente para la democratización -- |
| -- |
Objetivos y funciones de la educación para la plena realización de la persona -- |
| -- |
Las formas de la educación -- |
| -- |
La distribución de los servicios educacionales y su objetivo |
| 650 10 - SUBJECT ADDED ENTRY--TOPICAL TERM |
| 9 (RLIN) |
287 |
| Topical term or geographic name entry element |
Educación |
| 650 14 - SUBJECT ADDED ENTRY--TOPICAL TERM |
| 9 (RLIN) |
2040 |
| Topical term or geographic name entry element |
Sistema educativo |
| 650 14 - SUBJECT ADDED ENTRY--TOPICAL TERM |
| 9 (RLIN) |
1571 |
| Topical term or geographic name entry element |
Política educacional |
| 650 14 - SUBJECT ADDED ENTRY--TOPICAL TERM |
| 9 (RLIN) |
1439 |
| Topical term or geographic name entry element |
Reforma de la educación |
| 651 14 - SUBJECT ADDED ENTRY--GEOGRAPHIC NAME |
| 9 (RLIN) |
3 |
| Geographic name |
Argentina |
| 830 #0 - SERIES ADDED ENTRY--UNIFORM TITLE |
| 9 (RLIN) |
611 |
| Uniform title |
Biblioteca política argentina |
| Volume/sequential designation |
221, 222 |
| 942 ## - ADDED ENTRY ELEMENTS (KOHA) |
| Source of classification or shelving scheme |
|
| Koha item type |
Libros |
| Edition |
22 |